Statistics for Gangsta’s Paradise - Coolio Feat. L.V. - All Lyrics

Click here to take the quiz!

General Stats

  • This quiz has been taken 135 times
  • The average score is 354 of 492

Answer Stats

Answer% Correct
a
98%
I
98%
G
97%
The
95%
the
95%
gangsta,
93%
paradise
93%
in
92%
be
90%
gangsta's
89%
my
89%
by
86%
of
86%
life,
85%
life
85%
livin'
85%
And
84%
and
84%
As
84%
been
83%
Been
83%
do-or-die,
83%
live
83%
spendin'
83%
most
82%
walk
82%
at
80%
Look
80%
look
80%
shadow
80%
chalk
79%
is
79%
that
79%
Death
78%
death
78%
momma
78%
On
78%
on
78%
through
78%
valley
78%
ya
78%
you
78%
You
78%
lives
77%
me?
77%
me
77%
me,
77%
Me
77%
our
77%
take
77%
So
76%
so
76%
to
76%
realize
75%
see
75%
we
75%
We
75%
But
74%
but
74%
there's
74%
it,
72%
it
72%
know
72%
left
72%
mind
72%
thinks
72%
even
71%
gone
71%
nothin'
71%
I've
70%
are
69%
what
68%
like
67%
'Cause
66%
never
66%
street
66%
blind
64%
can
64%
got
64%
Got
64%
I’m
64%
ones
64%
they
64%
They
64%
don't
63%
hurt
63%
man
63%
say
63%
say?
63%
why
63%
will
63%
didn't
62%
long
62%
That’s
62%
that's
62%
deserve
61%
money
61%
money,
61%
out
61%
Tell
61%
where
61%
your
61%
heartbeat
60%
homies
60%
watch
60%
can't,
57%
can't
57%
streetlight
57%
their
57%
unheard
57%
after
56%
ain't
56%
Or
56%
crossed
55%
fool
55%
gotta
55%
hour
55%
how
55%
knees
55%
prayers
55%
better
54%
Minute
53%
minute,
53%
much
53%
sayin'
53%
walkin’
53%
goin',
52%
goin'
52%
laughin'
52%
now,
52%
treated
52%
Power
51%
power
51%
punk,
51%
talkin'
51%
wanna
51%
was
51%
23
49%
24?
49%
hood
49%
smoke,
49%
Too
49%
night,
48%
with
48%
might
47%
won't,
47%
keep
46%
really
46%
way
46%
guess
45%
things
45%
pistol
44%
situation
44%
down,
43%
down
43%
hate
43%
myself
43%
trip,
43%
facin'
41%
It's
41%
raised
41%
teach
41%
educated
40%
little
40%
luck,
40%
television
40%
away
39%
dreams
39%
hand
39%
here
39%
kinda
39%
normal
39%
chasin'
38%
eye
38%
lined
38%
team
38%
anger,
37%
learn,
37%
reach
37%
gleam
36%
kitchen,
36%
arouse
34%
blastin'
34%
front
34%
what's
34%
If
33%
loc
33%
loc'd
33%
nobody's
33%
them
32%
trippin'
32%
watchin'
32%
understand
30%
banger
29%
Everybody’s
29%
cookin'
28%
set
28%
lookin'
26%
ten
26%
runnin',
23%
half
21%
croak,
15%

Score Distribution

Percentile by Number Answered

Percent of People with Each Score

Your Score History

You have not taken this quiz